[Event "16th 4NCL Congress"]
[Site "Coventry"]
[Date "2017.11.05"]
[Round "4"]
[Board "8"]
[White "Abbott, Mark V"]
[Black "Guha, Chirag"]
[Result "1-0"]
[WhiteElo "1867"]
[BlackElo "1768"]
[PlyCount "87"]
[EventDate "2017.11.03"]
[EventRounds "5"]
[EventCountry "ENG"]

1. d4 d5 2. c4 e5 3. dxe5 d4 4. Nf3 Nc6 5. g3 Nge7 6. Bg2 Ng6 7. Bg5 Be7 8.
Bxe7 Qxe7 9. O-O O-O 10. Nxd4 Ncxe5 11. Qc2 Qc5 12. Nb3 Qe7 13. Nc3 c6 14. Nd2
f5 15. e3 Be6 16. b3 Rad8 17. Rad1 h5 18. Ne2 h4 19. Nf3 Nxf3+ 20. Bxf3 h3 21.
Rxd8 Qxd8 22. Nf4 Nxf4 23. exf4 Qf6 24. Re1 Qf7 25. Qe2 Re8 26. Qf1 Rd8 27. Rd1
Re8 28. Qxh3 Qf6 29. Qf1 Bf7 30. Re1 Rd8 31. Rd1 Re8 32. Qd3 Bg6 33. Kg2 Qf7
34. Qd7 Re7 35. Qc8+ Kh7 36. Rd8 Re8 37. Rxe8 Qxe8 38. Qxb7 a5 39. Qxc6 Qe1 40.
Qb5 Qd2 41. a3 Qb2 42. c5 Qxa3 43. c6 Qd6 44. Qb7 1-0

[Event "16th 4NCL Congress"]
[Site "Coventry"]
[Date "2017.11.05"]
[Round "4"]
[Board "9"]
[White "Angheluta, Ovidiu"]
[Black "Royal, Shreyas"]
[Result "1-0"]
[WhiteElo "1866"]
[BlackElo "1724"]
[PlyCount "53"]
[EventDate "2017.11.03"]
[EventRounds "5"]
[EventCountry "ENG"]

1. c4 Nf6 2. Nc3 g6 3. g3 d5 4. cxd5 Nxd5 5. Bg2 Nxc3 6. bxc3 Bg7 7. Rb1 c5 8.
Qb3 Nc6 9. Qb5 Qb6 10. Ba3 c4 11. Bd5 Bd7 12. Bxf7+ Kd8 13. Nf3 e6 14. Qg5+ Kc7
15. Rxb6 axb6 16. Bb4 Rxa2 17. O-O Nxb4 18. cxb4 Rf8 19. Qe7 Raa8 20. Bxe6 Rad8
21. Qxg7 Rfe8 22. Nd4 Kc8 23. Bxc4 Kc7 24. Ne6+ Kc8 25. Ra1 Kb8 26. Qe5+ Kc8
27. Qc7# 1-0

[Event "16th 4NCL Congress"]
[Site "Coventry"]
[Date "2017.11.05"]
[Round "4"]
[Board "10"]
[White "Vann, Richard P"]
[Black "Gogia, Armaan"]
[Result "1-0"]
[WhiteElo "1930"]
[BlackElo "1545"]
[PlyCount "81"]
[EventDate "2017.11.03"]
[EventRounds "5"]
[EventCountry "ENG"]

1. d4 Nf6 2. Bf4 d5 3. e3 c5 4. Nc3 Nc6 5. Nb5 Qa5+ 6. c3 e5 7. dxe5 a6 8. exf6
axb5 9. Nf3 Be6 10. Be2 gxf6 11. O-O Bg7 12. Qc2 Ne5 13. Rfd1 h5 14. e4 Rd8 15.
Bxe5 fxe5 16. Ng5 d4 17. Nxe6 fxe6 18. c4 b4 19. Rd3 Qc7 20. Rh3 Qf7 21. Qa4+
Qd7 22. Qd1 h4 23. a3 bxa3 24. Raxa3 Ke7 25. Ra7 Bf6 26. Rb3 Rb8 27. Rb6 Rhc8
28. Qb3 Rc7 29. Bg4 Rc6 30. Rbxb7 Rxb7 31. Rxb7 Rc7 32. Rxc7 Qxc7 33. h3 Qc6
34. Qb8 Qd7 35. Qb6 Qc8 36. Qa7+ Qd7 37. Qxc5+ Ke8 38. Bh5+ Kd8 39. Qf8+ Kc7
40. Qxf6 Qa4 41. Qxe5+ 1-0

[Event "16th 4NCL Congress"]
[Site "Coventry"]
[Date "2017.11.05"]
[Round "4"]
[Board "11"]
[White "Makkar, Rajat"]
[Black "Fryer, David W"]
[Result "1/2-1/2"]
[WhiteElo "1677"]
[BlackElo "1937"]
[PlyCount "80"]
[EventDate "2017.11.03"]
[EventRounds "5"]
[EventCountry "ENG"]

1. d4 d5 2. c4 e6 3. Nc3 Nf6 4. cxd5 exd5 5. Bg5 Bf5 6. Bxf6 gxf6 7. e3 c6 8.
Bd3 Bg6 9. Nge2 Bd6 10. h4 Bxd3 11. Qxd3 Nd7 12. Qf5 Nb6 13. Nf4 Bxf4 14. Qxf4
Nc4 15. b3 Nd6 16. O-O f5 17. Qe5+ Kd7 18. g3 Rg8 19. Na4 b6 20. Kh2 f6 21. Qf4
Qe7 22. Rac1 Rg4 23. Qf3 Qe4 24. Qxe4 fxe4 25. Nc3 Rag8 26. Ne2 Nf5 27. Nf4 Ne7
28. Rc2 Rc8 29. Rfc1 Rgg8 30. b4 Kd6 31. a4 a5 32. bxa5 bxa5 33. Rc5 Ra8 34.
Rb1 Rgb8 35. Rxb8 Rxb8 36. Rxa5 Rb2 37. Kg2 Nf5 38. Kg1 Rb1+ 39. Kg2 Rb2 40.
Kg1 Rb1+ 1/2-1/2

[Event "16th 4NCL Congress"]
[Site "Coventry"]
[Date "2017.11.05"]
[Round "4"]
[Board "12"]
[White "Lovell, William Pm"]
[Black "David, Ivan"]
[Result "0-1"]
[WhiteElo "1635"]
[BlackElo "1848"]
[PlyCount "90"]
[EventDate "2017.11.03"]
[EventRounds "5"]
[EventCountry "ENG"]

1. d4 Nf6 2. Bf4 c5 3. e3 g6 4. c3 cxd4 5. exd4 Bg7 6. h3 d6 7. Nf3 Qb6 8. Qc1
O-O 9. Be2 Re8 10. O-O Nc6 11. Nbd2 e5 12. dxe5 dxe5 13. Be3 Qc7 14. Nb3 b6 15.
Re1 Nd5 16. Bh6 Bh8 17. Bc4 Nce7 18. Bb5 Rd8 19. Qg5 f6 20. Qc1 Nf5 21. Bd2 Nd6
22. Bd3 Nc4 23. Bh6 Ne7 24. Nbd2 Rxd3 25. Nxc4 Qxc4 26. Be3 Bb7 27. Nd2 Qc6 28.
Nf3 Rad8 29. Qc2 Bg7 30. Rad1 Rxd1 31. Rxd1 Rxd1+ 32. Qxd1 Qd5 33. Qa4 Qc6 34.
Qxa7 Nc8 35. Qa3 Bf8 36. Qb3+ Kg7 37. a3 h5 38. Kh2 Be7 39. Kg1 Bd8 40. Kh2 Bc7
41. Kg1 Ne7 42. Bd2 Nf5 43. Qb4 Bd6 44. Qb3 Bc5 45. Kf1 e4 0-1

[Event "16th 4NCL Congress"]
[Site "Coventry"]
[Date "2017.11.05"]
[Round "4"]
[Board "13"]
[White "Potter, Steven"]
[Black "Dunkley, Michael"]
[Result "1/2-1/2"]
[WhiteElo "1842"]
[BlackElo "1713"]
[PlyCount "87"]
[EventDate "2017.11.03"]
[EventRounds "5"]
[EventCountry "ENG"]

1. d4 d5 2. Bg5 h6 3. Bh4 c6 4. Nf3 Bf5 5. e3 Nd7 6. Nbd2 Ngf6 7. Be2 e6 8. O-O
Be7 9. a3 Ne4 10. Bxe7 Qxe7 11. c4 O-O 12. c5 b5 13. Qc1 a5 14. b4 a4 15. Nxe4
Bxe4 16. Nd2 Bg6 17. Nf3 Bh5 18. Re1 Bxf3 19. Bxf3 f5 20. g3 Nf6 21. Qd1 Qf7
22. Ra2 g5 23. Bg2 g4 24. f3 h5 25. Qd2 gxf3 26. Bxf3 Qg6 27. Kh1 Ra7 28. Qg2
Rh7 29. Rg1 Kf7 30. Qf1 Ke7 31. Rf2 Rfh8 32. Be2 Qh6 33. Rf4 Rg7 34. Bxb5 cxb5
35. Qxb5 Ne4 36. Qb7+ Kf6 37. Qa6 Rhg8 38. Rgf1 Qg5 39. Rxf5+ Qxf5 40. Rxf5+
Kxf5 41. Qf1+ Kg6 42. Qa6 Kf5 43. Qf1+ Kg6 44. Qa6 1/2-1/2

[Event "16th 4NCL Congress"]
[Site "Coventry"]
[Date "2017.11.05"]
[Round "4"]
[Board "14"]
[White "Jackson, Gary C"]
[Black "See, Tristian"]
[Result "1-0"]
[WhiteElo "1812"]
[BlackElo "1683"]
[PlyCount "71"]
[EventDate "2017.11.03"]
[EventRounds "5"]
[EventCountry "ENG"]

1. e4 c5 2. Nf3 Nc6 3. d4 cxd4 4. Nxd4 Nf6 5. f3 d6 6. Be3 Bd7 7. Nc3 a6 8. Qd2
Rc8 9. g4 h6 10. h4 e5 11. Nb3 Be6 12. O-O-O Bxb3 13. cxb3 b5 14. Kb1 Be7 15.
Bh3 b4 16. Ne2 Nd7 17. g5 Rb8 18. Ng3 g6 19. gxh6 Nc5 20. h5 Nd7 21. hxg6 fxg6
22. Qd5 Qc7 23. Rc1 Nc5 24. h7 Bf8 25. Bg4 Ne7 26. Qc4 Nc6 27. Qg8 Qg7 28. Qd5
Nd8 29. Bh6 Qf7 30. Qd2 a5 31. Bxf8 Qxf8 32. Rxc5 Qf4 33. Qxd6 Rb7 34. Rc8
Rbxh7 35. Qxd8+ Kf7 36. Rc7# 1-0

[Event "16th 4NCL Congress"]
[Site "Coventry"]
[Date "2017.11.05"]
[Round "4"]
[Board "15"]
[White "Robinson, Brian"]
[Black "Jacob, Sydney J"]
[Result "1/2-1/2"]
[WhiteElo "1593"]
[BlackElo "1845"]
[PlyCount "69"]
[EventDate "2017.11.03"]
[EventRounds "5"]
[EventCountry "ENG"]

1. d4 d5 2. Nc3 Bf5 3. Nf3 e6 4. Bf4 a6 5. e3 c5 6. Bd3 Bxd3 7. Qxd3 Nc6 8. O-O
Nf6 9. Rad1 Be7 10. e4 cxd4 11. Nxd4 O-O 12. exd5 Nxd5 13. Nxd5 Qxd5 14. Nxc6
bxc6 15. b3 Rfd8 16. Qe2 Qa5 17. a4 Bf6 18. Rxd8+ Rxd8 19. Rd1 Rxd1+ 20. Qxd1
Qc3 21. h3 Qa1 22. Qxa1 Bxa1 23. Kf1 f6 24. Ke2 e5 25. Bd2 Bd4 26. c3 Bb6 27.
b4 Kf7 28. a5 Ba7 29. Be3 Bxe3 30. Kxe3 Ke6 31. c4 Kd6 32. g4 Kc7 33. Ke4 Kd6
34. h4 g6 35. f3 1/2-1/2

[Event "16th 4NCL Congress"]
[Site "Coventry"]
[Date "2017.11.05"]
[Round "4"]
[Board "16"]
[White "Tandon, Rohan"]
[Black "Somton, Anita"]
[Result "1/2-1/2"]
[WhiteElo "1472"]
[BlackElo "1796"]
[PlyCount "68"]
[EventDate "2017.11.03"]
[EventRounds "5"]
[EventCountry "ENG"]

1. e4 c5 2. d3 Nc6 3. f4 e6 4. Nf3 d5 5. Be2 Nge7 6. O-O g6 7. Qe1 Bg7 8. c3
Qb6 9. Kh1 Bd7 10. Nbd2 O-O-O 11. Nb3 d4 12. Bd2 Rde8 13. Rc1 Kb8 14. cxd4 cxd4
15. Qf2 f5 16. e5 Nd5 17. Nfxd4 Nxd4 18. Qxd4 Qxd4 19. Nxd4 g5 20. g3 g4 21.
Bd1 h5 22. Bb3 Nb6 23. Bb4 h4 24. Bd6+ Ka8 25. Kg2 Rh6 26. Rc7 hxg3 27. Kxg3
Rh3+ 28. Kg2 Reh8 29. Rh1 Rxd3 30. Bxe6 Rxd4 31. Bxd7 Nd5 32. Rc8+ Rxc8 33.
Bxc8 Nxf4+ 34. Kg3 Ng6 1/2-1/2

[Event "16th 4NCL Congress"]
[Site "Coventry"]
[Date "2017.11.05"]
[Round "4"]
[Board "17"]
[White "Varney, Daniel"]
[Black "Frith, Shane S"]
[Result "1-0"]
[WhiteElo "1746"]
[BlackElo "1603"]
[PlyCount "93"]
[EventDate "2017.11.03"]
[EventRounds "5"]
[EventCountry "ENG"]

1. e4 d5 2. exd5 Nf6 3. d4 Bg4 4. Be2 Bxe2 5. Qxe2 Qxd5 6. Nf3 e6 7. a3 Nc6 8.
c4 Nxd4 9. cxd5 Nxe2 10. Kxe2 Nxd5 11. Bd2 Bd6 12. Nc3 O-O-O 13. g3 Nb6 14. Nb5
Nc4 15. Bc3 a6 16. Nxd6+ Rxd6 17. b3 Nb6 18. Bxg7 Rhd8 19. Bf6 R8d7 20. Rhd1
Nd5 21. Be5 Rc6 22. Rac1 Rxc1 23. Rxc1 f6 24. Bb2 e5 25. Nh4 c6 26. Nf5 Kc7 27.
Ne3 b5 28. f4 exf4 29. Nxd5+ Rxd5 30. gxf4 Rh5 31. Bxf6 Rxh2+ 32. Kf3 Rh3+ 33.
Kg4 Rxb3 34. Be5+ Kd7 35. Rd1+ Ke7 36. f5 Ke8 37. Rd6 Rxa3 38. Rxc6 b4 39. Rc8+
Kf7 40. Rc7+ Kg8 41. f6 h5+ 42. Kf4 Rd3 43. Kf5 Kf8 44. Kg6 Rd8 45. Bd6+ Rxd6
46. Rc8+ Rd8 47. Rxd8# 1-0

[Event "16th 4NCL Congress"]
[Site "Coventry"]
[Date "2017.11.05"]
[Round "4"]
[Board "18"]
[White "Ireland, David J"]
[Black "Peev, Georgi"]
[Result "1-0"]
[WhiteElo "1972"]
[BlackElo "1589"]
[PlyCount "77"]
[EventDate "2017.11.03"]
[EventRounds "5"]
[EventCountry "ENG"]

1. d4 d6 2. Nf3 Nf6 3. Nc3 g6 4. Bg5 Bg7 5. Qd2 O-O 6. e4 Nc6 7. O-O-O a6 8. d5
Na7 9. Nd4 c5 10. dxc6 bxc6 11. f3 Qb6 12. h4 Rb8 13. Nb3 Nb5 14. Na4 Qc7 15.
Bh6 c5 16. Bc4 Be6 17. Bxe6 fxe6 18. e5 Nd7 19. Bxg7 Kxg7 20. c4 Nxe5 21. cxb5
axb5 22. Nc3 d5 23. h5 Nc4 24. Qe2 Rf6 25. hxg6 hxg6 26. Rh4 Qc6 27. Rdh1 Rg8
28. Qf2 b4 29. Qxc5 Qxc5 30. Nxc5 bxc3 31. Rh7+ Kf8 32. Nd7+ Ke8 33. Nxf6+ exf6
34. bxc3 g5 35. Ra7 Nd6 36. Rhh7 Nc8 37. Rac7 Nd6 38. a4 Rf8 39. Rhe7+ 1-0

[Event "16th 4NCL Congress"]
[Site "Coventry"]
[Date "2017.11.05"]
[Round "4"]
[Board "19"]
[White "Camp, Syringa Lyn"]
[Black "Goodhead, James W"]
[Result "1/2-1/2"]
[WhiteElo "1670"]
[BlackElo "1896"]
[PlyCount "43"]
[EventDate "2017.11.03"]
[EventRounds "5"]
[EventCountry "ENG"]

1. e4 c6 2. d4 d5 3. exd5 cxd5 4. c4 Nf6 5. Nc3 e6 6. a3 Be7 7. Nf3 O-O 8. cxd5
Nxd5 9. Be2 Nc6 10. O-O b6 11. Ne5 Nxe5 12. dxe5 Nxc3 13. bxc3 Bb7 14. Qa4 Qc7
15. Bf4 Rfd8 16. Rad1 Qc6 17. Qxc6 Bxc6 18. Be3 Bxa3 19. Rxd8+ Rxd8 20. Ra1 Bc5
21. Bxc5 bxc5 22. Rxa7 1/2-1/2

[Event "16th 4NCL Congress"]
[Site "Coventry"]
[Date "2017.11.05"]
[Round "4"]
[Board "20"]
[White "Quraishi, Shahab Ua"]
[Black "Rowan, Daniel"]
[Result "1-0"]
[WhiteElo "1892"]
[BlackElo "1813"]
[PlyCount "94"]
[EventDate "2017.11.03"]
[EventRounds "5"]
[EventCountry "ENG"]

1. e4 c5 2. Nf3 e6 3. Be2 Nc6 4. O-O Be7 5. c3 Nf6 6. e5 Nd5 7. d4 cxd4 8. cxd4
d6 9. Bb5 Bd7 10. exd6 Bxd6 11. Nc3 Nxc3 12. bxc3 O-O 13. Bd3 Qc7 14. h3 Ne7
15. c4 Ng6 16. Ng5 h6 17. Nxf7 Rxf7 18. Bxg6 Rf6 19. Bd3 Raf8 20. Qe2 Kh8 21.
Bb2 Rf4 22. Qh5 Be8 23. Qe2 Bd7 24. Rac1 Qd8 25. d5 exd5 26. Qh5 d4 27. Qg6 Bf5
28. Bxf5 R8xf5 29. Bxd4 Be5 30. Bxe5 Rxe5 31. Rfd1 Qc8 32. Qd6 Qf5 33. Qb8+ Kh7
34. Qxb7 Rxf2 35. Rd7 Ree2 36. Rxg7+ Kh8 37. Rg3 Qf7 38. Qb8+ Kh7 39. Qb1+ Qf5
40. Qxf5+ Rxf5 41. c5 Re7 42. Rcc3 Rff7 43. a4 Re1+ 44. Kh2 Re5 45. c6 Rc7 46.
Rgd3 Kg6 47. Rd6+ Kg5 1-0

[Event "16th 4NCL Congress"]
[Site "Coventry"]
[Date "2017.11.05"]
[Round "4"]
[Board "21"]
[White "Lawrence, Roy A"]
[Black "Davies, Sam"]
[Result "1/2-1/2"]
[WhiteElo "1720"]
[BlackElo "1731"]
[PlyCount "100"]
[EventDate "2017.11.03"]
[EventRounds "5"]
[EventCountry "ENG"]

1. d4 d5 2. Nf3 Nf6 3. g3 e6 4. Bg2 Be7 5. c4 c6 6. Nc3 O-O 7. Qc2 Nbd7 8. b3
b6 9. O-O Bb7 10. Re1 Rc8 11. e4 Ba6 12. e5 Ne8 13. Bf1 Bb7 14. Bb2 Qc7 15. Qe2
Qb8 16. Rac1 Qa8 17. cxd5 cxd5 18. Qe3 Nc7 19. Nb5 Nxb5 20. Bxb5 Bc6 21. Bd3
Bb7 22. Ng5 h6 23. Nf3 Rxc1 24. Rxc1 Rc8 25. Bc2 Rc7 26. Bh7+ Kxh7 27. Rxc7 Bc6
28. Qc3 Bc5 29. dxc5 bxc5 30. Rxd7 Bxd7 31. Qxc5 Bc6 32. Nd4 Bb7 33. b4 Qb8 34.
f4 Qc8 35. Qxa7 Qc4 36. Qa3 Ba6 37. b5 Bxb5 38. Nxb5 Qxb5 39. Qc3 Qb6+ 40. Qd4
Qa5 41. a3 Qe1+ 42. Kg2 Qe2+ 43. Qf2 Qe4+ 44. Kh3 h5 45. g4 hxg4+ 46. Kxg4 Qg6+
47. Kh3 Qd3+ 48. Qg3 Qf5+ 49. Qg4 Qc2 50. Qg2 Qf5+ 1/2-1/2

[Event "16th 4NCL Congress"]
[Site "Coventry"]
[Date "2017.11.05"]
[Round "4"]
[Board "22"]
[White "Shenbagakumar, Gautham"]
[Black "Mycock, Ken"]
[Result "0-1"]
[WhiteElo "1569"]
[BlackElo "1780"]
[PlyCount "132"]
[EventDate "2017.11.03"]
[EventRounds "5"]
[EventCountry "ENG"]

1. e4 e5 2. Nf3 Nc6 3. Bc4 Nf6 4. Ng5 d5 5. exd5 Na5 6. Bb5+ c6 7. dxc6 bxc6 8.
Qf3 h6 9. Ne4 cxb5 10. Nxf6+ gxf6 11. Qxa8 Nb7 12. Qxa7 Bc5 13. Qa6 Bxf2+ 14.
Kd1 Nc5 15. Qxb5+ Ke7 16. Qb4 Bd4 17. d3 e4 18. dxe4 Ba6 19. Ke1 Rg8 20. g3 Qd6
21. Qa3 Rg4 22. Bf4 Rxf4 23. gxf4 Qxf4 24. Nd2 Be3 25. Qa5 Qg4 26. Qc7+ Nd7 27.
c4 Qg2 28. Nb3 Bf2+ 29. Kd1 Qxh1+ 30. Ke2 Qg2 31. Kd3 Qf3+ 32. Kd2 Qe3+ 33. Kc2
Qxe4+ 34. Kd2 Bxc4 35. Kc3 Bxb3 36. axb3 Qd4+ 37. Kc2 Qc5+ 38. Qxc5+ Nxc5 39.
b4 Nd7 40. Kc3 Bb6 41. b5 Ke6 42. b4 f5 43. Re1+ Ne5 44. Kd2 f4 45. Ke2 f3+ 46.
Kf1 f2 47. Re2 Kd5 48. Rc2 Ng4 49. Kg2 Ne3+ 50. Kxf2 Nxc2+ 51. Kf3 Nxb4 52. Kf4
Ke6 53. h4 f6 54. h5 Nd5+ 55. Ke4 Nc3+ 56. Kf3 Nxb5 57. Kf4 f5 58. Kf3 Ke5 59.
Ke2 f4 60. Kf3 Be3 61. Ke2 Ke4 62. Ke1 Kf3 63. Kf1 Nd4 64. Ke1 Kg2 65. Kd1 f3
66. Ke1 f2+ 0-1

[Event "16th 4NCL Congress"]
[Site "Coventry"]
[Date "2017.11.05"]
[Round "4"]
[Board "23"]
[White "Horrell, Stephen A"]
[Black "Hall, David G"]
[Result "0-1"]
[WhiteElo "1568"]
[BlackElo "1756"]
[PlyCount "78"]
[EventDate "2017.11.03"]
[EventRounds "5"]
[EventCountry "ENG"]

1. e4 g6 2. Nc3 Bg7 3. g3 c6 4. Bg2 e5 5. d3 Nf6 6. h3 O-O 7. Be3 d5 8. Bg5 d4
9. Nce2 h6 10. Bd2 c5 11. f4 Nc6 12. Nf3 Re8 13. O-O b5 14. b3 Bb7 15. Qc1 Kh7
16. g4 Nd7 17. Ng3 exf4 18. Bxf4 Qe7 19. h4 Nde5 20. g5 h5 21. Qd1 Bc8 22. Nxe5
Nxe5 23. Bxe5 Bxe5 24. Nxh5 gxh5 25. Qxh5+ Kg8 26. Rf3 Qe6 27. Rf5 Qg6 28. Qg4
Be6 29. Raf1 Rac8 30. h5 Qg7 31. Qh4 Bxf5 32. exf5 c4 33. bxc4 bxc4 34. Be4 Bf6
35. Rf3 Qxg5+ 36. Qxg5+ Bxg5 37. Rg3 f6 38. Bd5+ Kh7 39. Bxc4 Re5 0-1

[Event "16th 4NCL Congress"]
[Site "Coventry"]
[Date "2017.11.05"]
[Round "5"]
[Board "1"]
[White "Bennett, Dominic L"]
[Black "Burrows, Nick"]
[Result "1/2-1/2"]
[WhiteElo "1953"]
[BlackElo "1908"]
[PlyCount "42"]
[EventDate "2017.11.03"]
[EventRounds "5"]
[EventCountry "ENG"]

1. g3 d5 2. Bg2 Nf6 3. d3 c6 4. a3 Bg4 5. Nd2 Nbd7 6. c3 e5 7. b4 Bd6 8. h3 Be6
9. Qc2 O-O 10. Ngf3 h6 11. e4 a5 12. Rb1 axb4 13. axb4 dxe4 14. dxe4 Ra2 15.
Rb2 Rxb2 16. Bxb2 Qb6 17. Nh4 Ra8 18. Nf5 Bf8 19. Ne3 Qa6 20. Bf1 Qa4 21. Qc1
c5 1/2-1/2

[Event "16th 4NCL Congress"]
[Site "Coventry"]
[Date "2017.11.05"]
[Round "5"]
[Board "2"]
[White "De Coverly, Roger D"]
[Black "Holroyd, Nigel P"]
[Result "0-1"]
[WhiteElo "1917"]
[BlackElo "1997"]
[PlyCount "112"]
[EventDate "2017.11.03"]
[EventRounds "5"]
[EventCountry "ENG"]

1. e4 e5 2. Nf3 Nc6 3. Bb5 a6 4. Ba4 d6 5. O-O Nf6 6. Re1 Be7 7. c3 O-O 8. h3
b5 9. Bc2 Bb7 10. d4 h6 11. Nbd2 Re8 12. Nf1 Nh7 13. d5 Nb8 14. Ng3 Ng5 15. Nh2
Nd7 16. Nf5 Nf6 17. h4 Ngh7 18. a4 Rb8 19. axb5 axb5 20. Nf1 h5 21. Re3 Bc8 22.
Rg3 Bxf5 23. exf5 Ng4 24. Rh3 Qd7 25. Ng3 Ngf6 26. Nxh5 Nxh5 27. Qxh5 Nf6 28.
Qf3 e4 29. Bxe4 Nxe4 30. Qxe4 Bg5 31. Qc2 Re1+ 32. Kh2 Bf4+ 33. Bxf4 Rxa1 34.
h5 Re8 35. Be3 Re5 36. f6 Qf5 37. Qxf5 Rxf5 38. fxg7 Kxg7 39. h6+ Kh7 40. g4
Rxd5 41. Rf3 Kg6 42. g5 f5 43. gxf6 Rh5+ 44. Kg2 Rhh1 45. Rg3+ Kxf6 46. Bd4+
Kf5 47. Kf3 Rxh6 48. b4 Rc1 49. Ke2 Re6+ 50. Kd2 Ra1 51. Rf3+ Ke4 52. Rf7 Ra2+
53. Kc1 Kd3 54. Kb1 Rae2 55. Rxc7 Rh6 56. Be3 Rh1+ 0-1

[Event "16th 4NCL Congress"]
[Site "Coventry"]
[Date "2017.11.05"]
[Round "5"]
[Board "3"]
[White "Shaw, Meyrick"]
[Black "Abbott, Mark V"]
[Result "0-1"]
[WhiteElo "1954"]
[BlackElo "1867"]
[PlyCount "56"]
[EventDate "2017.11.03"]
[EventRounds "5"]
[EventCountry "ENG"]

1. d4 Nf6 2. Bf4 g6 3. Nd2 c5 4. e3 Bg7 5. c3 cxd4 6. cxd4 O-O 7. Bd3 Nc6 8.
Rc1 b6 9. Ngf3 Nb4 10. Bc4 Bb7 11. Bc7 Qe8 12. Qa4 Nbd5 13. Bg3 a6 14. Qb3 b5
15. a4 bxc4 16. Qxb7 d6 17. e4 Rb8 18. Qxa6 Nb6 19. a5 Na4 20. O-O Nxb2 21. e5
Nd5 22. exd6 c3 23. dxe7 Qxe7 24. Bxb8 Rxb8 25. Nc4 Nd3 26. Qd6 Qxd6 27. Nxd6
Nxc1 28. Rxc1 Bh6 0-1

[Event "16th 4NCL Congress"]
[Site "Coventry"]
[Date "2017.11.05"]
[Round "5"]
[Board "4"]
[White "Ali, Golam S"]
[Black "Pink, Joshua"]
[Result "1/2-1/2"]
[WhiteElo "1871"]
[BlackElo "1925"]
[PlyCount "132"]
[EventDate "2017.11.03"]
[EventRounds "5"]
[EventCountry "ENG"]

1. d4 Nf6 2. c4 c5 3. d5 e6 4. Bg5 h6 5. Bh4 exd5 6. cxd5 d6 7. Nc3 g5 8. Bg3
Bg7 9. e4 O-O 10. Bd3 Re8 11. Nge2 Na6 12. a3 Nc7 13. O-O Bg4 14. f3 Bh5 15.
Qc2 Bg6 16. Rae1 a6 17. e5 Bxd3 18. Qxd3 dxe5 19. d6 Nb5 20. Nxb5 axb5 21. Nc3
c4 22. Qd1 Qb6+ 23. Kh1 Nd7 24. Qd5 Re6 25. Bf2 Qxd6 26. Qxb5 Qc6 27. Rd1 Nf6
28. Rfe1 Nh5 29. Qxc6 Rxc6 30. g3 e4 31. Rxe4 Rf6 32. Kg2 Rc8 33. Re7 b6 34.
Rdd7 Bf8 35. Rc7 Rc6 36. Rxc8 Rxc8 37. Rb7 Bc5 38. Bxc5 bxc5 39. Ne4 Rd8 40.
Nxc5 Rd2+ 41. Kh3 Nf6 42. Ne4 Nxe4 43. fxe4 Re2 44. Rb4 Rxe4 45. b3 Re3 46.
bxc4 Rxa3 47. Kg4 Kg7 48. Kf5 Rc3 49. Ke4 Rc2 50. h4 gxh4 51. gxh4 Rh2 52. Kd5
Rxh4 53. Rb3 Rh1 54. Rc3 Rd1+ 55. Kc6 Kf6 56. c5 h5 57. Kb7 Kg5 58. c6 Kg4 59.
c7 Rd7 60. Kc6 Rxc7+ 61. Kxc7 h4 62. Kd6 h3 63. Ke5 h2 64. Rc4+ Kg3 65. Rc3+
Kg2 66. Rc2+ Kg3 1/2-1/2

[Event "16th 4NCL Congress"]
[Site "Coventry"]
[Date "2017.11.05"]
[Round "5"]
[Board "5"]
[White "Mcewan, Peter"]
[Black "Angheluta, Ovidiu"]
[Result "0-1"]
[WhiteElo "1898"]
[BlackElo "1866"]
[PlyCount "110"]
[EventDate "2017.11.03"]
[EventRounds "5"]
[EventCountry "ENG"]

1. e4 d5 2. exd5 Qxd5 3. Nc3 Qa5 4. Bc4 Nf6 5. d3 c6 6. Bd2 Qc7 7. Qe2 Bf5 8.
h3 h5 9. O-O-O Nbd7 10. f4 e6 11. Nf3 O-O-O 12. Ng5 Nb6 13. Bb3 Bd6 14. Qf2
Nfd5 15. Nxd5 cxd5 16. Kb1 f6 17. Nf3 Bxf4 18. Nd4 Bxd2 19. Rxd2 Qd7 20. a4 Kb8
21. Rf1 Bh7 22. Nb5 e5 23. d4 Be4 24. dxe5 fxe5 25. Re1 Rdf8 26. Qg3 Rf4 27.
Qg5 Rf5 28. Qe3 Qc6 29. Nc3 d4 30. Qxe4 dxc3 31. bxc3 Qxe4 32. Rxe4 a5 33. Rd6
Kc7 34. Rg6 Rd8 35. Rxg7+ Kc6 36. g4 Rd1+ 37. Kb2 hxg4 38. hxg4 Rff1 39. c4 Nd7
40. Rg6+ Kc5 41. Rg7 Rd2 42. g5 Rg1 43. g6 Kc6 44. c5 Rdg2 45. Bf7 Nxc5 46.
Rxe5 Nd3+ 47. Kc3 Nxe5 48. Kd4 Kd6 49. c4 Rg4+ 50. Ke3 b6 51. Rg8 R4g3+ 52. Kf2
R1g2+ 53. Kf1 Ng4 54. Rd8+ Kc7 55. Rd1 Rf2+ 0-1

[Event "16th 4NCL Congress"]
[Site "Coventry"]
[Date "2017.11.05"]
[Round "5"]
[Board "6"]
[White "David, Ivan"]
[Black "Vann, Richard P"]
[Result "0-1"]
[WhiteElo "1848"]
[BlackElo "1930"]
[PlyCount "84"]
[EventDate "2017.11.03"]
[EventRounds "5"]
[EventCountry "ENG"]

1. d4 d5 2. Bf4 Nf6 3. e3 e6 4. c3 Bd6 5. Bg3 O-O 6. Bd3 Nbd7 7. Nf3 Bxg3 8.
hxg3 h6 9. Nbd2 Re8 10. Ne5 Nxe5 11. dxe5 Nd7 12. Nf3 f6 13. exf6 Qxf6 14. Bc2
Nf8 15. Qd4 Qxd4 16. exd4 Bd7 17. O-O-O Re7 18. Rde1 Rf7 19. Rh5 Rf6 20. g4 Be8
21. Rhe5 g5 22. R5e2 Bg6 23. Ne5 Bxc2 24. Kxc2 Re8 25. f3 Re7 26. Rh1 Kg7 27.
b4 Nd7 28. Nxd7 Rxd7 29. Re5 c6 30. Kd3 b5 31. Rhe1 Re7 32. a4 a6 33. axb5 axb5
34. Ra1 Rc7 35. Ra8 Kf7 36. Re2 Rg6 37. Rea2 Rg8 38. R8a6 Kf6 39. Rb6 Ke7 40.
Raa6 Kd7 41. Ra1 Rh8 42. Rh1 Ra7 0-1

[Event "16th 4NCL Congress"]
[Site "Coventry"]
[Date "2017.11.05"]
[Round "5"]
[Board "7"]
[White "Hamilton, Douglas"]
[Black "Varney, Daniel"]
[Result "0-1"]
[WhiteElo "1881"]
[BlackElo "1746"]
[PlyCount "94"]
[EventDate "2017.11.03"]
[EventRounds "5"]
[EventCountry "ENG"]

1. c4 Nf6 2. g3 g6 3. Bg2 d5 4. cxd5 Nxd5 5. Nc3 Nxc3 6. bxc3 Bg7 7. Qc2 c5 8.
d3 Qc7 9. Nf3 Nc6 10. Bb2 b6 11. O-O Bb7 12. d4 O-O 13. e4 Na5 14. d5 Nc4 15.
Bc1 e6 16. dxe6 fxe6 17. Nd2 Nxd2 18. Bxd2 Ba6 19. Rfe1 Rad8 20. Bg5 Rd3 21.
Bf4 Rxf4 22. gxf4 Bxc3 23. Rad1 Bxe1 24. Rxd3 Bxd3 25. Qxd3 c4 26. Qe3 Bb4 27.
Bh3 Qc6 28. Qd4 Be7 29. Qe5 Kf7 30. f5 exf5 31. exf5 Bf6 32. Qe6+ Qxe6 33.
fxe6+ Ke7 34. Kf1 Kd6 35. Bg4 Kc5 36. Ke2 Kb4 37. Kd2 Ka3 38. e7 Bxe7 39. Be6
b5 40. Bc8 b4 41. Be6 b3 42. axb3 cxb3 43. f3 a5 44. Bg8 h6 45. Bf7 g5 46. Kc1
a4 47. Kb1 Bf6 0-1

[Event "16th 4NCL Congress"]
[Site "Coventry"]
[Date "2017.11.05"]
[Round "5"]
[Board "8"]
[White "Nandi, Robin J"]
[Black "Jackson, Gary C"]
[Result "1/2-1/2"]
[WhiteElo "1794"]
[BlackElo "1812"]
[PlyCount "117"]
[EventDate "2017.11.03"]
[EventRounds "5"]
[EventCountry "ENG"]

1. d4 d5 2. c4 c6 3. Nc3 Nf6 4. Nf3 e6 5. Bg5 Be7 6. e3 Nbd7 7. cxd5 cxd5 8.
Bd3 O-O 9. O-O a6 10. Qc2 h6 11. Bxf6 Bxf6 12. Na4 Be7 13. Rac1 b5 14. Nc5 Nxc5
15. dxc5 b4 16. Rfd1 Qc7 17. c6 e5 18. Be2 Be6 19. Qa4 Rfb8 20. Nd2 Rb6 21. Nb3
Rc8 22. Nc5 Bxc5 23. Rxc5 Rxc6 24. Rxc6 Qxc6 25. Qxb4 Qc2 26. Qd2 a5 27. h3 Kf8
28. Bf3 e4 29. Bg4 f5 30. Bh5 Qxd2 31. Rxd2 Rc1+ 32. Kh2 Ke7 33. g4 fxg4 34.
Bxg4 Bf7 35. Kg3 g5 36. Kg2 Kd6 37. Bd1 Rc5 38. Rc2 Rxc2 39. Bxc2 Ke5 40. Kg3
d4 41. exd4+ Kxd4 42. a3 Bd5 43. Kg4 Be6+ 44. Kh5 Bxh3 45. Kxh6 g4 46. Kg5 e3
47. fxe3+ Kxe3 48. Bf5 Kd4 49. Kf4 Kc5 50. Ke5 Kc4 51. Be6+ Kc5 52. b3 Kc6 53.
Bc8 Kc7 54. Bf5 Kc6 55. Kd4 Kb5 56. Bd7+ Kb6 57. Bf5 Kb5 58. Bd7+ Kb6 59. Bf5
 1/2-1/2